Number 1 Artists of each year - Statistics

General Stats
  • This quiz has been taken 27 times
  • The average score is 15 of 44
Answer Stats
Year Answer % Correct
2024 Taylor Swift
100%
2023 Taylor Swift
100%
2015 Taylor Swift
100%
2009 Taylor Swift
100%
1983 Michael Jackson
72%
2005 50 Cent
68%
2003 50 Cent
68%
2021 Drake
56%
2018 Drake
56%
2017 Ed Sheeran
56%
1985 Madonna
56%
1986 Whitney Houston
52%
1991 Mariah Carey
44%
2016 Adele
36%
2012 Adele
36%
2011 Adele
36%
2022 Bad Bunny
36%
2013 Bruno Mars
32%
1988 George Michael
32%
2014 One Direction
28%
2020 Post Malone
28%
2019 Post Malone
28%
1999 Backstreet Boys
24%
2010 Lady Gaga
24%
2004 Usher
24%
1998 Usher
24%
2008 Chris Brown
20%
2006 Chris Brown
20%
1993 Garth Brooks
20%
1992 Garth Brooks
20%
1987 Bon Jovi
16%
1984 Lionel Richie
12%
1996 Alanis Morissette
8%
2001 Destiny's Child
8%
2000 Destiny's Child
8%
2002 Nelly
8%
1982 The Go-Go's
4%
1995 TLC
4%
1994 Ace of Base
0%
2007 Akon
0%
1997 LeAnn Rimes
0%
1990 New Kids On the Block
0%
1989 New Kids On the Block
0%
1981 REO Speedwagon
0%
No matching quizzes found
Score Distribution
Percent of People with Each Score
Percentile by Number Answered
Your Score History
You have not taken this quiz